[Event "Hampstead op U2200 12"]
[Site "Hampstead"]
[Date "2013.12.21"]
[Round "1"]
[White "Xu, David"]
[Black "Morgan, Jacques"]
[Result "1-0"]
[WhiteElo "1834"]
[BlackElo "1538"]
[PlyCount "67"]
[EventDate "2013.12.21"]
[EventType "swiss"]
[EventRounds "5"]
[EventCountry "ENG"]
[SourceTitle "EXT 2015"]
[Source "ChessBase"]
[SourceDate "2014.11.20"]
[SourceVersion "1"]
[SourceVersionDate "2014.11.20"]
[SourceQuality "1"]

1. d4 d5 2. c4 c6 3. Nf3 e6 4. Nc3 Nf6 5. e3 Nbd7 6. Qc2 a6 7. Bd2 Be7 8. Rc1 0-0 9. a3 h6 10. b4 Re8 11. cxd5 cxd5 12. Bd3 b5 13. 0-0 Nb6 14. Ne5 Bb7 15. Qb1 Nc4 16. Nxc4 dxc4 17. Bc2 Qc7 18. Ne4 Ng4 19. Ng3 f5 20. h3 Qc6 21. e4 Nf6 22. f3 Red8 23. Bc3 Qc7 24. Ne2 Nh5 25. exf5 Bg5 26. Rcd1 Be3+ 27. Kh1 Ng3+ 28. Nxg3 Qxg3 29. Ba1 Qf4 30. fxe6 Rxd4 31. Bc3 Rxd1 32. Qxd1 Bb6 33. Qd7 Bc7 34. Qxg7# 1-0